Top 30 LoL Esports Orgs - Statistics

General Stats
  • This quiz has been taken 486 times
    274 since last reset
  • The average score is 16 of 30
Answer Stats
Rank Answer % Correct
1 T1
98%
6 G2
96%
4 Fnatic
94%
2 GenG
92%
12 Dplus KIA
74%
7 C9
73%
10 IG
73%
11 DRX
72%
5 EDG
71%
13 JDG
71%
27 BLG
69%
25 FPX
67%
16 MAD Lions
65%
14 TL
65%
3 RNG
64%
23 Weibo Gaming
54%
9 TSM
51%
8 KT Rolster
50%
15 Team WE
42%
22 TOP Esports
41%
24 LNG
38%
30 SK Gaming
34%
28 GAM
33%
19 CLG
32%
26 ROX Tigers
28%
18 Flash Wolves
17%
17 Kwangdong Freecs
17%
21 OMG
17%
20 AHQ
8%
29 Najin
6%
No matching quizzes found
Score Distribution
Percent of People with Each Score
Percentile by Number Answered
Your Score History
You have not taken this quiz since the last reset